Normal view
MARC view
- التأمين -- البنوك -- القانون التجاري
Entry Topical Term
001 - CONTROL NUMBER
- control field: 46051
003 - CONTROL NUMBER IDENTIFIER
- control field: JO-AjAnu
005 - DATE AND TIME OF LATEST TRANSACTION
- control field: 20230606081619.0
008 - FIXED-LENGTH DATA ELEMENTS
- fixed length control field: 230606|| aca||aabn | a|a d
040 ## - CATALOGING SOURCE
- Original cataloging agency: JO-AjAnu
- Transcribing agency: JO-AjAnu
150 ## - HEADING--TOPICAL TERM
- Topical term or geographic name entry element: التأمين -- البنوك -- القانون التجاري
670 ## - SOURCE DATA FOUND
- Source citation: Work cat.: (JO-AjAnu)23574: الكيلاني، محمود , author 46050, الموسوعة التجارية والمصرفية : عقود التأمين من الناحية القانونية، المجلد السادس